00393nam a22001337a 450000500170000002000230001703500130004003700130005310000190006624501130008525000120019826000300021030000190024020120309160743.0 a8122308953c160.00 aB-162312 aDPLbENG aLorayne, Harry aThe complete guide to memory mastery :bOrganising and developing the power of your mind /cby Harry Lorayne a2nd ed. aDelhibPustak Mahalc2005 a302p.c20 cms.